Подробности
| 000 -МАРКЕР |
| контрольное поле |
02837nam0a22003851 4500 |
| 001 - ИДЕНТИФИКАТОР ЗАПИСИ |
| контрольное поле |
rc\584348 |
| 005 - ИДЕНТИФИКАТОР ВЕРСИИ |
| контрольное поле |
20250621173440.0 |
| 035 ## - ДРУГИЕ СИСТЕМНЫЕ НОМЕРА |
| Идентификатор записи |
(NLR Aleph) 005831494 |
| 100 ## - ДАННЫЕ ОБЩЕЙ ОБРАБОТКИ |
| Данные общей обработки |
20031121d1987 |||y0rusy50 ca |
| 101 0# - ЯЗЫК РЕСУРСА |
| Язык текста, звукозаписи и т.д. |
русский |
| 102 ## - СТРАНА ПУБЛИКАЦИИ ИЛИ ПРОИЗВОДСТВА |
| Страна публикации |
Российская Федерация |
| 105 ## - ПОЛЕ КОДИРОВАННЫХ ДАННЫХ: ТЕКСТОВЫЕ МАТЕРИАЛЫ, МОНОГРАФИЧЕСКИЕ |
| Кодированные данные о монографическом текстовом документе |
a ||||||||| |
| 200 1# - ЗАГЛАВИЕ И СВЕДЕНИЯ ОБ ОТВЕТСТВЕННОСТИ |
| Основное заглавие |
Октябрьская революция в советской прозе |
| Сведения, относящиеся к заглавию |
Повести и рассказы 20-30-х гг. |
| -- |
Сб. произведений |
| Первые сведения об ответственности |
[Сост. Ю.А. Петровский, О.В. Васильева |
| Последующие сведения об ответственности |
Авт. вступ. ст., с. 3-24, и коммент. Ю.А. Петровский] |
| 210 ## - ПУБЛИКАЦИЯ, РАСПРОСТРАНЕНИЕ И ДР. |
| Место издания, распространения и т.д. |
Л. |
| Имя издателя, распространителя и т. д. |
Изд-во ЛГУ |
| Дата издания, распространения и т.д. |
1987 |
| 215 ## - ФИЗИЧЕСКАЯ ХАРАКТЕРИСТИКА |
| Специфическое обозначение материала и объем |
645, [1] с. |
| Другие сведения о физической характеристике |
ил. |
| Размеры |
22 |
| 320 ## - ПРИМЕЧАНИЯ О НАЛИЧИИ В ДОКУМЕНТЕ БИБЛИОГРАФИИ / УКАЗАТЕЛЯ |
| Текст примечания |
Библиогр. в примеч.: с. 635-644 |
| 327 1# - ПРИМЕЧАНИЯ О СОДЕРЖАНИИ |
| Текст примечания |
Содерж.: Политком; Львиный выводок / А. Серафимович. Андрон Непутевый; Я хочу жить; Красноармеец Терехин / А. Неверов. Зеленя / Ф. Гладков. Падение Даира / А. Малышкин. Рождение Амгуньского полка; Пташка / А. Фадеев. Агитвагон / М. Шагинян, и произведения др. авт. |
| 464 #0 - АНАЛИТИЧЕСКИЙ УРОВЕНЬ |
| Встроенное поле |
2001#$aПолитком |
| -- |
700#1$aСерафимович$bА. |
| Заглавие |
Политком |
| Автор |
Серафимович, А. |
| 464 #0 - АНАЛИТИЧЕСКИЙ УРОВЕНЬ |
| Встроенное поле |
2001#$aЛьвиный выводок |
| -- |
700#1$aСерафимович$bА. |
| Заглавие |
Львиный выводок |
| Автор |
Серафимович, А. |
| 464 #0 - АНАЛИТИЧЕСКИЙ УРОВЕНЬ |
| Встроенное поле |
2001#$aАндрон Непутевый |
| -- |
700#1$aНеверов$bА. |
| Заглавие |
Андрон Непутевый |
| Автор |
Неверов, А. |
| 464 #0 - АНАЛИТИЧЕСКИЙ УРОВЕНЬ |
| Встроенное поле |
2001#$aЯ хочу жить |
| -- |
700#1$aНеверов$bА. |
| Заглавие |
Я хочу жить |
| Автор |
Неверов, А. |
| 464 #0 - АНАЛИТИЧЕСКИЙ УРОВЕНЬ |
| Встроенное поле |
2001#$aКрасноармеец Терехин |
| -- |
700#1$aНеверов$bА. |
| Заглавие |
Красноармеец Терехин |
| Автор |
Неверов, А. |
| 464 #0 - АНАЛИТИЧЕСКИЙ УРОВЕНЬ |
| Встроенное поле |
2001#$aЗеленя |
| -- |
700#1$aГладков$bФ. |
| Заглавие |
Зеленя |
| Автор |
Гладков, Ф. |
| 464 #0 - АНАЛИТИЧЕСКИЙ УРОВЕНЬ |
| Встроенное поле |
2001#$aПадение Даира |
| -- |
700#1$aМалышкин$bА. |
| Заглавие |
Падение Даира |
| Автор |
Малышкин, А. |
| 464 #0 - АНАЛИТИЧЕСКИЙ УРОВЕНЬ |
| Встроенное поле |
2001#$aРождение Амгуньского полка |
| -- |
700#1$aФадеев$bА. |
| Заглавие |
Рождение Амгуньского полка |
| Автор |
Фадеев, А. |
| 464 #0 - АНАЛИТИЧЕСКИЙ УРОВЕНЬ |
| Встроенное поле |
2001#$aПташка |
| -- |
700#1$aФадеев$bА. |
| Заглавие |
Пташка |
| Автор |
Фадеев, А. |
| 464 #0 - АНАЛИТИЧЕСКИЙ УРОВЕНЬ |
| Встроенное поле |
2001#$aАгитвагон |
| -- |
700#1$3RU\NLR\AUTH\7727470$aШагинян$bМ. С.$f1888-1982$gМариэтта Сергеевна |
| Заглавие |
Агитвагон |
| Автор |
Шагинян, Мариэтта Сергеевна (1888-1982) |
| 702 #1 - ИМЯ ЛИЦА - ВТОРИЧНАЯ ОТВЕТСТВЕННОСТЬ |
| Начальный элемент ввода |
Петровский |
| Часть имени, кроме начального элемента ввода |
Ю.А. |
| Код отношения |
Составитель |
| 801 #0 - ИСТОЧНИК ЗАПИСИ |
| Страна |
Российская Федерация |
| Организация |
NLR |
| Правила каталогизации |
psbo |
| 801 #1 - ИСТОЧНИК ЗАПИСИ |
| Страна |
Российская Федерация |
| Организация |
ELAR |
| Источник данных |
rusmarc |
| 852 ## - МЕСТОНАХОЖДЕНИЕ И ШИФР ХРАНЕНИЯ |
| Идентификатор организации |
NLR |
| Шифр хранения (Call Number) |
87-3/10830 |
| 942 ## - ДОПОЛНИТЕЛЬНЫЕ ЭЛЕМЕНТЫ ЗАПИСИ (АБИС) |
| Тип экземпляра АБИС |
Книга |
| 980 ## - КОЛЛЕКЦИЯ |
| Название коллекции |
Национальная библиография |